[Event "Camp. Brasileiro Absoluto 2007-Final"]
[Site "Rio de Janeiro"]
[Date "2007.12.17"]
[Round "5.5"]
[White "Roberto Junio Brito Molina"]
[Black "MI Andre Diamant"]
[Result "1-0"]
[WhiteElo "2322"]
[BlackElo "2395"]
[PlyCount "101"]
[EventDate "2007.12.14"]
[EventType "tourn"]
[EventRounds "11"]
[EventCountry "BRA"]
[EventCategory "8"]
[SourceDate "2007.12.14"]

1. d4 Nf6 2. c4 e6 3. Nf3 Bb4+ 4. Bd2 Qe7 5. Nc3 O-O 6. g3 d6 7. Bg2 e5 8. O-O
Bxc3 9. Bxc3 Ne4 10. Be1 Nc6 11. d5 Nd8 12. Nd2 Nxd2 13. Bxd2 f5 14. Qc2 f4 15.
c5 Bg4 16. Qe4 Bf5 17. Qc4 Nf7 18. gxf4 exf4 19. Bxf4 Rae8 20. e4 Bg6 21. Bg3
dxc5 22. f3 Ne5 23. Qc3 c4 24. b3 b5 25. Bxe5 Qxe5 26. Qxe5 Rxe5 27. bxc4 bxc4
28. Rac1 Rf4 29. Rc3 Bf7 30. Rb1 g5 31. h3 c6 32. Rb8+ Kg7 33. d6 Re8 34. Rxe8
Bxe8 35. Rxc4 Kf6 36. Rc5 Ke6 37. Rxg5 Kxd6 38. Kf2 h6 39. Ra5 Rf7 40. Bf1 Rg7
41. Bc4 Rb7 42. f4 Rb2+ 43. Ke3 Rh2 44. Bf1 c5 45. Rxa7 h5 46. f5 c4 47. Bxc4
Rxh3+ 48. Kd4 Rh4 49. Bd5 Rg4 50. Rh7 h4 51. a3 1-0

[Event "Camp. Brasileiro Absoluto 2007-Final"]
[Site "Rio de Janeiro"]
[Date "2007.12.17"]
[Round "5.6"]
[White "GM Rafael Dualibe Leitão"]
[Black "MI Herman C.van Riemsdijk"]
[Result "1/2-1/2"]
[WhiteElo "2601"]
[BlackElo "2391"]
[PlyCount "159"]
[EventDate "2007.12.14"]
[EventType "tourn"]
[EventRounds "11"]
[EventCountry "BRA"]
[EventCategory "8"]
[SourceDate "2007.12.14"]

1. d4 Nf6 2. c4 e6 3. Nc3 Bb4 4. Qc2 c5 5. dxc5 O-O 6. a3 Bxc5 7. Nf3 Be7 8. e4
d6 9. Be2 a6 10. Bf4 Nbd7 11. Rd1 Qc7 12. O-O b6 13. Qd3 Ne8 14. b4 Bb7 15. Rd2
Rd8 16. Qc2 Bf6 17. Bd3 h6 18. Rfd1 Ne5 19. Nxe5 Bxe5 20. Bxe5 dxe5 21. Bf1 Nf6
22. f3 Rxd2 23. Qxd2 Rc8 24. Qd6 Qxd6 25. Rxd6 Bc6 26. c5 Ne8 27. Rd2 b5 28. a4
Rb8 29. axb5 axb5 30. Ra2 Nc7 31. Ra7 Rc8 32. Ra5 Rb8 33. Ra7 Rc8 34. Kf2 Kf8
35. Ra5 Rb8 36. Ra7 Rc8 37. Ke3 Ke8 38. h4 Kd8 39. h5 Rb8 40. g3 Kc8 41. Be2
Rb7 42. Ra1 Kb8 43. Rd1 Na6 44. Rd8+ Ka7 45. Na2 Rb8 46. Rd6 Kb7 47. f4 exf4+
48. gxf4 Ra8 49. Bxb5 Bxb5 50. Rb6+ Kc7 51. Rxb5 Nb8 52. Nc3 Nd7 53. Kd4 g6 54.
hxg6 fxg6 55. Ra5 Rxa5 56. bxa5 h5 57. a6 Nb8 58. Nb5+ Kc8 59. a7 Nc6+ 60. Ke3
Kb7 61. a8=Q+ Kxa8 62. Nc7+ Kb7 63. Nxe6 Ka6 64. Nd4 Kb7 65. f5 gxf5 66. exf5
Ne7 67. Kf4 h4 68. Kg4 h3 69. f6 h2 70. fxe7 h1=Q 71. e8=Q Qg1+ 72. Kf5 Qxd4
73. Qb5+ Kc7 74. Qb6+ Kc8 75. Qc6+ Kd8 76. Qb6+ Kc8 77. Qa6+ Kc7 78. Qa5+ Kd7
79. Qb5+ Kc7 80. Qb6+ 1/2-1/2

[Event "Camp. Brasileiro Absoluto 2007-Final"]
[Site "Rio de Janeiro"]
[Date "2007.12.18"]
[Round "6.1"]
[White "Yago Moura Santiago"]
[Black "MI Herman C.van Riemsdijk"]
[Result "0-1"]
[WhiteElo "2179"]
[BlackElo "2391"]
[PlyCount "74"]
[EventDate "2007.12.14"]
[EventType "tourn"]
[EventRounds "11"]
[EventCountry "BRA"]
[EventCategory "8"]
[SourceDate "2007.12.14"]

1. e4 e5 2. Nf3 Nc6 3. Bb5 a6 4. Ba4 Nf6 5. Bxc6 dxc6 6. O-O Nd7 7. d4 exd4 8.
Nxd4 Ne5 9. b3 Bg4 10. f3 Bd7 11. Be3 Qf6 12. c4 Rd8 13. Nc3 Bc8 14. Kh1 Bc5
15. Nce2 O-O 16. Qe1 Rfe8 17. Rd1 Bd6 18. Qf2 Ng6 19. g3 c5 20. Nc2 b6 21. Rd2
Bb7 22. Rfd1 Ne5 23. Ne1 g5 24. Kg1 h6 25. Nc1 Kh7 26. Ncd3 Ng6 27. Nc2 Qe7 28.
b4 cxb4 29. Ndxb4 Bxb4 30. Nxb4 Rxd2 31. Qxd2 Ne5 32. Rf1 Nxc4 33. Qd3 Nxe3 34.
Re1 Qxb4 35. Rxe3 Kg8 36. e5 Qc5 37. f4 Qd5 0-1

[Event "Camp. Brasileiro Absoluto 2007-Final"]
[Site "Rio de Janeiro"]
[Date "2007.12.18"]
[Round "6.2"]
[White "MI Andre Diamant"]
[Black "GM Rafael Dualibe Leitão"]
[Result "0-1"]
[WhiteElo "2395"]
[BlackElo "2601"]
[PlyCount "62"]
[EventDate "2007.12.14"]
[EventType "tourn"]
[EventRounds "11"]
[EventCountry "BRA"]
[EventCategory "8"]
[SourceDate "2007.12.14"]

1. e4 d6 2. d4 Nf6 3. Nc3 g6 4. Nf3 Bg7 5. Be2 O-O 6. O-O c6 7. a4 Nbd7 8. h3
Qc7 9. a5 e5 10. dxe5 dxe5 11. Be3 Rd8 12. Qc1 Nf8 13. Rd1 Rxd1+ 14. Qxd1 Ne6
15. Qd2 Bf8 16. Bc4 Bb4 17. Bxe6 Bxe6 18. Nb5 Qe7 19. c3 Nxe4 20. Qd3 Nc5 21.
Qd6 Nb3 22. cxb4 Qxd6 23. Nxd6 Nxa1 24. Nxe5 Nc2 25. Bc5 b6 26. axb6 axb6 27.
Bxb6 Nxb4 28. Bc5 Ra1+ 29. Kh2 Na6 30. Bd4 Rd1 31. Nxc6 Bd7 0-1

[Event "Camp. Brasileiro Absoluto 2007-Final"]
[Site "Rio de Janeiro"]
[Date "2007.12.18"]
[Round "6.3"]
[White "GM Gilberto Milos"]
[Black "Roberto Junio Brito Molina"]
[Result "1-0"]
[WhiteElo "2592"]
[BlackElo "2322"]
[PlyCount "67"]
[EventDate "2007.12.14"]
[EventType "tourn"]
[EventRounds "11"]
[EventCountry "BRA"]
[EventCategory "8"]
[SourceDate "2007.12.14"]

1. d4 f5 2. Nf3 Nf6 3. g3 g6 4. Bg2 Bg7 5. O-O O-O 6. c4 d6 7. Nc3 Qe8 8. d5
Na6 9. Rb1 Nc5 10. Nb5 Qd8 11. Nfd4 a5 12. b3 Bd7 13. Bb2 Qc8 14. Qc2 c6 15.
Nc3 f4 16. Rbd1 Bh3 17. e3 Bxg2 18. Kxg2 Nh5 19. Nf3 fxg3 20. fxg3 Qg4 21. Ne2
Bxb2 22. Qxb2 Qe4 23. Qd4 cxd5 24. Nc3 Qxd4 25. exd4 Na6 26. Nxd5 e6 27. Nb6
Rad8 28. Ng5 Nc7 29. Rxf8+ Rxf8 30. d5 e5 31. c5 Ne8 32. Nd7 Rf5 33. Ne4 Rf7
34. c6 1-0

[Event "Camp. Brasileiro Absoluto 2007-Final"]
[Site "Rio de Janeiro"]
[Date "2007.12.18"]
[Round "6.4"]
[White "MI Diego di Berardino"]
[Black "Roberto Calheiros Miranda"]
[Result "1-0"]
[WhiteElo "2430"]
[BlackElo "2213"]
[PlyCount "73"]
[EventDate "2007.12.14"]
[EventType "tourn"]
[EventRounds "11"]
[EventCountry "BRA"]
[EventCategory "8"]
[SourceDate "2007.12.14"]

1. e4 e5 2. Bc4 Nf6 3. d3 Be7 4. Nc3 O-O 5. f4 d6 6. Nf3 Nc6 7. O-O Be6 8. Bb3
Bxb3 9. axb3 exf4 10. Bxf4 Nh5 11. Be3 Nf6 12. Bg5 h6 13. Bxf6 Bxf6 14. d4 g6
15. Nd5 Bg7 16. c3 Ne7 17. Nf4 Qd7 18. Qc2 a6 19. Rae1 Rae8 20. Kh1 c6 21. Qd2
Kh7 22. Qf2 Qc7 23. b4 c5 24. bxc5 dxc5 25. e5 cxd4 26. cxd4 Rc8 27. Qe3 Qb6
28. Re2 Qb5 29. Qe4 Rfd8 30. Ref2 Rc4 31. Nh5 Nf5 32. Nxg7 Nxg7 33. Qh4 Rdc8
34. Ng5+ Kg8 35. Qxh6 R4c7 36. Qh7+ Kf8 37. Qh8+ 1-0

[Event "Camp. Brasileiro Absoluto 2007-Final"]
[Site "Rio de Janeiro"]
[Date "2007.12.18"]
[Round "6.5"]
[White "MI Krikor Mekhitarian"]
[Black "GM Geovanni Vescovi"]
[Result "0-1"]
[WhiteElo "2428"]
[BlackElo "2617"]
[PlyCount "152"]
[EventDate "2007.12.14"]
[EventType "tourn"]
[EventRounds "11"]
[EventCountry "BRA"]
[EventCategory "8"]
[SourceDate "2007.12.14"]

1. e4 c6 2. d4 d5 3. Nc3 dxe4 4. Nxe4 Bf5 5. Ng3 Bg6 6. Bc4 e6 7. N1e2 Bd6 8.
h4 h6 9. Nf4 Bxf4 10. Bxf4 Nf6 11. h5 Bh7 12. O-O O-O 13. Bb3 Re8 14. Re1 Nbd7
15. c4 c5 16. Be5 Qe7 17. Ba4 Red8 18. Bc7 Nb6 19. Bxd8 Rxd8 20. Bc2 Bxc2 21.
Qxc2 cxd4 22. Rad1 Qc5 23. b3 Nbd5 24. Ne4 Nxe4 25. Qxe4 Nc3 26. Qh4 f6 27. Rd3
e5 28. Qg4 Nxa2 29. Rg3 Qe7 30. f4 Nc3 31. fxe5 fxe5 32. Qh3 e4 33. Rxc3 dxc3
34. Qxc3 Qh4 35. Qe3 Re8 36. b4 a6 37. Rd1 Qxh5 38. Rd7 Qg4 39. Rd4 Qe6 40. c5
Kh8 41. Rd6 Qf5 42. Qd4 Qg5 43. Rd5 Qg3 44. Rd6 Kh7 45. Qf2 Qg5 46. Qf7 Re7 47.
Qd5 Qe3+ 48. Kh1 Qc1+ 49. Kh2 Qf4+ 50. Kg1 Re5 51. Qd2 Qxd2 52. Rxd2 e3 53. Re2
Kg6 54. Kf1 Kf5 55. Rc2 Re6 56. Ke2 Kf4 57. b5 axb5 58. Rb2 Kg3 59. Rxb5 Re7
60. Ra5 Kxg2 61. Ra7 Rc7 62. Ra5 Re7 63. Ra7 Rc7 64. Ra5 g5 65. Kxe3 h5 66. c6
g4 67. cxb7 Rxb7 68. Rxh5 Rg7 69. Kf4 g3 70. Ra5 Kg1 71. Kf3 g2 72. Rb5 Rh7 73.
Rb2 Kh1 74. Rxg2 Rf7+ 75. Kg3 Rg7+ 76. Kh3 Rxg2 0-1

[Event "Camp. Brasileiro Absoluto 2007-Final"]
[Site "Rio de Janeiro"]
[Date "2007.12.18"]
[Round "6.6"]
[White "MF Jorge Bittencourt"]
[Black "MI Everaldo Matsuura"]
[Result "1/2-1/2"]
[WhiteElo "2448"]
[BlackElo "2511"]
[PlyCount "28"]
[EventDate "2007.12.14"]
[EventType "tourn"]
[EventRounds "11"]
[EventCountry "BRA"]
[EventCategory "8"]
[SourceDate "2007.12.14"]

1. e4 e5 2. Nf3 Nc6 3. Bb5 a6 4. Ba4 Nf6 5. O-O b5 6. Bb3 Bc5 7. a4 Rb8 8. axb5
axb5 9. c3 d6 10. d4 Bb6 11. Na3 O-O 12. Nxb5 Bg4 13. Bc2 Bxf3 14. Qxf3 exd4
1/2-1/2

[Event "Camp. Brasileiro Absoluto 2007-Final"]
[Site "Rio de Janeiro"]
[Date "2007.12.19"]
[Round "7.1"]
[White "MI Everaldo Matsuura"]
[Black "Yago Moura Santiago"]
[Result "0-1"]
[WhiteElo "2511"]
[BlackElo "2179"]
[PlyCount "82"]
[EventDate "2007.12.14"]
[EventType "tourn"]
[EventRounds "11"]
[EventCountry "BRA"]
[EventCategory "8"]
[SourceDate "2007.12.14"]

1. e4 c5 2. Nf3 d6 3. d4 cxd4 4. Nxd4 Nf6 5. Nc3 a6 6. f3 Qb6 7. Nb3 e6 8. Qe2
Nc6 9. Be3 Qc7 10. O-O-O Be7 11. g4 O-O 12. g5 Nd7 13. f4 b5 14. f5 b4 15. Na4
Re8 16. g6 hxg6 17. fxg6 fxg6 18. h4 Nce5 19. h5 gxh5 20. Qxh5 Nf6 21. Qh3 Bb7
22. Qxe6+ Nf7 23. Bd3 Bd8 24. Qh3 Bxe4 25. Bxe4 Rxe4 26. Bd4 Qc6 27. Bxf6 Bxf6
28. Na5 Qe8 29. Nb6 Rd8 30. Qh7+ Kf8 31. Nd5 Bg5+ 32. Kb1 Qe6 33. Nc6 Rc8 34.
Rhf1 Rh4 35. Qd3 Rxc6 36. Rde1 Qh6 37. Qf3 Qh5 38. Qb3 Rcc4 39. Qa4 Rce4 40.
Qc6 Kg8 41. Qc8+ Kh7 0-1

[Event "Camp. Brasileiro Absoluto 2007-Final"]
[Site "Rio de Janeiro"]
[Date "2007.12.19"]
[Round "7.2"]
[White "GM Geovanni Vescovi"]
[Black "MF Jorge Bittencourt"]
[Result "1-0"]
[WhiteElo "2617"]
[BlackElo "2448"]
[PlyCount "119"]
[EventDate "2007.12.14"]
[EventType "tourn"]
[EventRounds "11"]
[EventCountry "BRA"]
[EventCategory "8"]
[SourceDate "2007.12.14"]

1. d4 Nf6 2. c4 e6 3. Nf3 b6 4. g3 Ba6 5. b3 Bb7 6. Bg2 Bb4+ 7. Bd2 c5 8. Bxb4
cxb4 9. Nbd2 O-O 10. O-O d6 11. Qc2 Qc7 12. e4 e5 13. Qd3 a5 14. Nh4 Nc6 15.
Ndf3 Rad8 16. Nf5 Rfe8 17. Rae1 Ne7 18. N3h4 Ng6 19. Nf3 Ne7 20. Nxe7+ Rxe7 21.
Nh4 Bc8 22. Rd1 Ree8 23. Rfe1 h6 24. h3 Nh7 25. Nf3 Nf8 26. Qd2 Ne6 27. Qb2 f6
28. h4 Nf8 29. Rd2 Bg4 30. Nh2 Bc8 31. Re3 Kh8 32. Nf3 Bb7 33. Ne1 exd4 34.
Rxd4 Ne6 35. Rd2 Nc5 36. Rde2 Re7 37. Nd3 Nxd3 38. Rxd3 Rde8 39. Qd4 Re6 40.
Ree3 Qc5 41. Rd2 Bc6 42. Kh2 R8e7 43. Qd3 Re8 44. Rde2 R6e7 45. Qd2 Re6 46. Kg1
R6e7 47. Re1 Re6 48. R3e2 R6e7 49. Kh2 b5 50. cxb5 Bxb5 51. Re3 Rc7 52. Kg1 Rd8
53. e5 fxe5 54. Rxe5 Qb6 55. Rd5 Rf7 56. Re6 Rfd7 57. Rxh6+ gxh6 58. Qxh6+ Rh7
59. Qf6+ Kg8 60. Rg5+ 1-0

[Event "Camp. Brasileiro Absoluto 2007-Final"]
[Site "Rio de Janeiro"]
[Date "2007.12.19"]
[Round "7.3"]
[White "Roberto Calheiros Miranda"]
[Black "MI Krikor Mekhitarian"]
[Result "0-1"]
[WhiteElo "2213"]
[BlackElo "2428"]
[PlyCount "68"]
[EventDate "2007.12.14"]
[EventType "tourn"]
[EventRounds "11"]
[EventCountry "BRA"]
[EventCategory "8"]
[SourceDate "2007.12.14"]

1. e4 e6 2. d3 c5 3. Nf3 Nc6 4. g3 g6 5. Bg2 Bg7 6. O-O Nge7 7. c3 e5 8. Be3 d6
9. d4 exd4 10. cxd4 Bg4 11. dxc5 dxc5 12. Qxd8+ Rxd8 13. Nc3 Nd4 14. Bxd4 cxd4
15. Ne2 Nc6 16. Nf4 d3 17. h3 Be6 18. Nxe6 fxe6 19. Rfd1 Rf8 20. Ng5 Nd4 21.
Nxh7 Ne2+ 22. Kf1 Nxg3+ 23. Kg1 Ne2+ 24. Kf1 Rh8 25. Ng5 Ke7 26. Rab1 Rh5 27.
Nf3 Rc5 28. Ne1 Nf4 29. e5 d2 30. Nf3 Rc2 31. h4 Bh6 32. Ng5 Bxg5 33. hxg5 Nxg2
34. Kxg2 Rdc8 0-1

[Event "Camp. Brasileiro Absoluto 2007-Final"]
[Site "Rio de Janeiro"]
[Date "2007.12.19"]
[Round "7.4"]
[White "Roberto Junio Brito Molina"]
[Black "MI Diego di Berardino"]
[Result "1-0"]
[WhiteElo "2322"]
[BlackElo "2430"]
[PlyCount "61"]
[EventDate "2007.12.14"]
[EventType "tourn"]
[EventRounds "11"]
[EventCountry "BRA"]
[EventCategory "8"]
[SourceDate "2007.12.14"]

1. d4 d5 2. c4 c6 3. Nc3 Nf6 4. e3 e6 5. Nf3 a6 6. a4 c5 7. Be2 Nc6 8. cxd5
exd5 9. O-O Bd6 10. dxc5 Bxc5 11. b3 O-O 12. Ba3 Bxa3 13. Rxa3 Bg4 14. Nd4 Ne5
15. Ra1 Qd6 16. Bxg4 Nexg4 17. Nf3 Rad8 18. Qd4 Rfe8 19. h3 Nh6 20. Rfd1 Qb8
21. Rac1 Nf5 22. Qb4 h6 23. a5 Rc8 24. Rd3 Ne4 25. Rcd1 Rc6 26. Nxd5 Nxf2 27.
Kxf2 Qg3+ 28. Kf1 Rc2 29. R3d2 Rxe3 30. Rxc2 Rxf3+ 31. Kg1 1-0

[Event "Camp. Brasileiro Absoluto 2007-Final"]
[Site "Rio de Janeiro"]
[Date "2007.12.19"]
[Round "7.5"]
[White "GM Rafael Dualibe Leitão"]
[Black "GM Gilberto Milos"]
[Result "1/2-1/2"]
[WhiteElo "2601"]
[BlackElo "2592"]
[PlyCount "48"]
[EventDate "2007.12.14"]
[EventType "tourn"]
[EventRounds "11"]
[EventCountry "BRA"]
[EventCategory "8"]
[SourceDate "2007.12.14"]

1. c4 c5 2. Nf3 g6 3. d4 cxd4 4. Nxd4 Bg7 5. e4 Nc6 6. Be3 Nf6 7. Nc3 O-O 8.
Be2 d6 9. O-O Bd7 10. Qd2 Nxd4 11. Bxd4 Bc6 12. f3 a5 13. b3 Nd7 14. Be3 Nc5
15. Rab1 Qb6 16. Rfc1 Rfc8 17. Bf1 Qd8 18. Qf2 Qf8 19. a3 Bh6 20. b4 Bxe3 21.
Qxe3 axb4 22. axb4 Na4 23. Nd5 Bxd5 24. exd5 Qg7 1/2-1/2

[Event "Camp. Brasileiro Absoluto 2007-Final"]
[Site "Rio de Janeiro"]
[Date "2007.12.19"]
[Round "7.6"]
[White "MI Herman C.van Riemsdijk"]
[Black "MI Andre Diamant"]
[Result "1-0"]
[WhiteElo "2391"]
[BlackElo "2395"]
[PlyCount "31"]
[EventDate "2007.12.14"]
[EventType "tourn"]
[EventRounds "11"]
[EventCountry "BRA"]
[EventCategory "8"]
[SourceDate "2007.12.14"]

1. e4 c5 2. Nf3 e6 3. d4 cxd4 4. Nxd4 a6 5. Nc3 Nc6 6. g3 d6 7. Bg2 Bd7 8. O-O
Nf6 9. a4 Be7 10. Nce2 O-O 11. c4 e5 12. Nc2 Na5 13. Ne3 Rc8 14. b3 Qb6 15. Bd2
Nxb3 16. a5 1-0

[Event "Camp. Brasileiro Absoluto - Final"]
[Site "Rio de Janeiro"]
[Date "2007.12.20"]
[Round "9.1"]
[White "GM Geovanni Vescovi"]
[Black "Yago Moura Santiago"]
[Result "1-0"]
[WhiteElo "2617"]
[BlackElo "2179"]
[PlyCount "77"]
[EventDate "2007.12.14"]
[EventType "tourn"]
[EventRounds "11"]
[EventCountry "BRA"]
[EventCategory "8"]
[SourceDate "2007.12.14"]

1. d4 Nf6 2. c4 e6 3. g3 d5 4. Nf3 c6 5. Qc2 Nbd7 6. Bg2 Bd6 7. O-O O-O 8. Nbd2
Re8 9. b3 e5 10. cxd5 cxd5 11. dxe5 Nxe5 12. Bb2 Bg4 13. Nxe5 Bxe5 14. Bxe5
Rxe5 15. Nf3 Bxf3 16. Bxf3 Rc8 17. Qb2 Qe7 18. Rac1 Rc6 19. Qd4 g5 20. e3 Qc7
21. Rxc6 bxc6 22. Rc1 Re6 23. Qc3 Qb6 24. Rd1 h6 25. b4 Qb5 26. a3 g4 27. Bg2
Nd7 28. Qd4 Qe2 29. Bf1 Qc2 30. Qxg4+ Rg6 31. Qe2 Qc3 32. Qd3 Qb2 33. Qd4 Qxa3
34. Ra1 Qb3 35. Rxa7 Nf8 36. Ra8 Qc2 37. Bd3 Qc1+ 38. Kg2 Rg7 39. Ra1 1-0

[Event "Camp. Brasileiro Absoluto - Final"]
[Site "Rio de Janeiro"]
[Date "2007.12.20"]
[Round "9.2"]
[White "Roberto Calheiros Miranda"]
[Black "MI Everaldo Matsuura"]
[Result "0-1"]
[WhiteElo "2213"]
[BlackElo "2511"]
[PlyCount "150"]
[EventDate "2007.12.14"]
[EventType "tourn"]
[EventRounds "11"]
[EventCountry "BRA"]
[EventCategory "8"]
[SourceDate "2007.12.14"]

1. d4 d5 2. Nf3 Nf6 3. c4 dxc4 4. Nc3 a6 5. a4 e6 6. Bg5 c5 7. e3 cxd4 8. Nxd4
Be7 9. Bxc4 Qa5 10. Nf3 Ne4 11. Bxe7 Nxc3 12. Qd2 Kxe7 13. Qxc3 Qxc3+ 14. bxc3
Nc6 15. a5 Bd7 16. Kd2 Rhc8 17. Rhb1 Rc7 18. Bd3 Rd8 19. Kc2 Bc8 20. Be4 Na7
21. Nd4 e5 22. Nf5+ Kf8 23. Rd1 Rxd1 24. Rxd1 Bxf5 25. Bxf5 Nb5 26. Rd7 Rxd7
27. Bxd7 Na7 28. Kb3 Ke7 29. Bf5 Nc6 30. Ka4 h6 31. Bc8 Nd8 32. f4 exf4 33.
exf4 Kd6 34. Kb4 Nc6+ 35. Ka4 Kc7 36. Bg4 Ne7 37. Bf3 Ng6 38. g3 Ne7 39. Be4
Nc6 40. Bf5 Kd6 41. Bc8 Nd8 42. Kb4 Kd5 43. c4+ Kd4 44. Bd7 Nc6+ 45. Ka4 Kxc4
46. Bh3 Nd4 47. Bf1+ Kc5 48. Bg2 Nc6 49. Bh3 Ne7 50. Bg2 Nd5 51. Kb3 b5 52.
axb6 Nxb6 53. Bf1 a5 54. Bg2 Kd4 55. Bf3 f6 56. Bd1 Kd3 57. Bc2+ Kd2 58. Be4
Ke3 59. Bc6 Kf2 60. g4 Ke3 61. f5 Kf4 62. h3 Kg3 63. Kc3 Kxh3 64. Bf3 Kg3 65.
Bd1 Nd7 66. Kd4 Ne5 67. Kd5 Nxg4 68. Ke6 Ne3 69. Bh5 a4 70. Ke7 Nxf5+ 71. Kf8
a3 72. Bf7 h5 73. Bd5 h4 74. Kf7 h3 75. Kg6 Ne7+ 0-1

[Event "Camp. Brasileiro Absoluto - Final"]
[Site "Rio de Janeiro"]
[Date "2007.12.20"]
[Round "9.3"]
[White "Roberto Junio Brito Molina"]
[Black "MF Jorge Bittencourt"]
[Result "1/2-1/2"]
[WhiteElo "2322"]
[BlackElo "2448"]
[PlyCount "240"]
[EventDate "2007.12.14"]
[EventType "tourn"]
[EventRounds "11"]
[EventCountry "BRA"]
[EventCategory "8"]
[SourceDate "2007.12.14"]

1. d4 Nf6 2. c4 e6 3. Nf3 b6 4. g3 Ba6 5. Qa4 Bb7 6. Bg2 c5 7. O-O cxd4 8. Nxd4
Qc8 9. Rd1 a6 10. Nc3 Bxg2 11. Kxg2 Be7 12. Bg5 Qb7+ 13. f3 Nc6 14. Bxf6 gxf6
15. Nxc6 dxc6 16. Rd3 O-O 17. Rad1 Rfd8 18. Rxd8+ Rxd8 19. Rxd8+ Bxd8 20. Qd1
Be7 21. Qd4 Qc7 22. Ne4 Qd8 23. Qxd8+ Bxd8 24. g4 Be7 25. f4 Kf8 26. f5 Kg7 27.
Kg3 c5 28. Kh4 h6 29. Kh5 Kh7 30. b3 Kg7 31. Kh4 Kf8 32. Kh5 Kg7 33. h3 Kh7 34.
Kh4 Kg8 35. Kg3 Kf8 36. Kf4 Bd8 37. Kg3 Be7 38. Kh4 Kg8 39. Kh5 Kh7 40. Nd2 Kg7
41. Nf3 Bd6 42. e3 Bc7 43. e4 Bf4 44. h4 Kh7 45. g5 exf5 46. exf5 fxg5 47. hxg5
hxg5 48. Nxg5+ Kg7 49. Ne4 Be5 50. Kg5 f6+ 51. Kh5 Kh7 52. Nf2 Kg7 53. Ng4 Bd4
54. Kh4 Kf7 55. Kg3 Ke7 56. Kf3 Kd6 57. Kg3 Ke7 58. Kh4 Kf7 59. Kh5 Kg7 60. Nh2
Be5 61. Nf3 Bc3 62. Nh4 Be5 63. Ng6 Bd6 64. Kg4 Kf7 65. Kf3 Ke8 66. Ke4 Kd7 67.
Kd5 Bg3 68. Nf8+ Ke7 69. Ng6+ Kd7 70. a4 a5 71. Nh8 Bd6 72. Ng6 Bg3 73. Nf8+
Ke7 74. Ne6 Kd7 75. Ng7 Bc7 76. Ke4 Ke7 77. Nh5 Be5 78. Kd5 Kd7 79. Ng7 Bc7 80.
Ne6 Bh2 81. Nf8+ Ke7 82. Ne6 Kd7 83. Nf8+ Ke7 84. Ng6+ Kd7 85. Nh4 Bd6 86. Nf3
Bc7 87. Nd2 Bd6 88. Ke4 Ke8 89. Nf1 Be5 90. Ne3 Bc7 91. Kd5 Kd7 92. Ng4 Bd8 93.
Nh6 Be7 94. Ng4 Bd8 95. Ke4 Ke8 96. Ne3 Bc7 97. Nd5 Bd8 98. Kf4 Kf8 99. Kg4 Kg8
100. Nf4 Bc7 101. Nd5 Bd8 102. Kh5 Kh7 103. Kh4 Kh8 104. Nf4 Bc7 105. Ne6 Bd6
106. Kh3 Kh7 107. Kg4 Kg8 108. Kh3 Kh7 109. Kg2 Kg8 110. Kf2 Bh2 111. Kg2 Bd6
112. Kg1 Bg3 113. Kf1 Bd6 114. Kg2 Bb8 115. Kf3 Kf7 116. Ke4 Ke8 117. Kd5 Kd7
118. Nf8+ Ke7 119. Ng6+ Kd7 120. Nh4 Kc7 1/2-1/2

[Event "Camp. Brasileiro Absoluto - Final"]
[Site "Rio de Janeiro"]
[Date "2007.12.20"]
[Round "9.4"]
[White "GM Rafael Dualibe Leitão"]
[Black "MI Krikor Mekhitarian"]
[Result "1-0"]
[WhiteElo "2601"]
[BlackElo "2428"]
[PlyCount "79"]
[EventDate "2007.12.14"]
[EventType "tourn"]
[EventRounds "11"]
[EventCountry "BRA"]
[EventCategory "8"]
[SourceDate "2007.12.14"]

1. Nf3 c5 2. c4 Nc6 3. d4 cxd4 4. Nxd4 Nf6 5. Nc3 e6 6. Bg5 Be7 7. e3 Qb6 8.
Qd2 a6 9. Be2 d6 10. Nb3 Qc7 11. Rd1 b6 12. Bxf6 gxf6 13. O-O Bb7 14. e4 Rg8
15. f4 O-O-O 16. Nd5 exd5 17. cxd5 Kb8 18. Rc1 Qd7 19. dxc6 Bxc6 20. Qe3 Ka7
21. Bc4 f5 22. Bd5 Rc8 23. Nd4 Bxd5 24. exd5 Bf6 25. Nc6+ Kb7 26. a4 Ka8 27.
Qxb6 Qb7 28. Qxb7+ Kxb7 29. Rc4 Bd8 30. a5 Bc7 31. Ne7 Bb6+ 32. axb6 Rxc4 33.
Nxg8 Rc2 34. Rf2 Rc1+ 35. Rf1 Rc2 36. Rb1 Kxb6 37. Ne7 Kc5 38. Nxf5 Re2 39. b4+
Kxd5 40. b5 1-0

[Event "Camp. Brasileiro Absoluto - Final"]
[Site "Rio de Janeiro"]
[Date "2007.12.20"]
[Round "9.5"]
[White "MI Herman C.van Riemsdijk"]
[Black "MI Diego di Berardino"]
[Result "1/2-1/2"]
[WhiteElo "2391"]
[BlackElo "2430"]
[PlyCount "28"]
[EventDate "2007.12.14"]
[EventType "tourn"]
[EventRounds "11"]
[EventCountry "BRA"]
[EventCategory "8"]
[SourceDate "2007.12.14"]

1. e4 c5 2. Nf3 d6 3. d4 cxd4 4. Nxd4 Nf6 5. Nc3 a6 6. Bc4 e6 7. Bb3 b5 8. O-O
Be7 9. Qf3 Qc7 10. Qg3 O-O 11. Bh6 Ne8 12. Bg5 Nf6 13. Bh6 Ne8 14. Bg5 Nf6
1/2-1/2

[Event "Camp. Brasileiro Absoluto - Final"]
[Site "Rio de Janeiro"]
[Date "2007.12.20"]
[Round "9.6"]
[White "MI Andre Diamant"]
[Black "GM Gilberto Milos"]
[Result "1-0"]
[WhiteElo "2395"]
[BlackElo "2592"]
[PlyCount "73"]
[EventDate "2007.12.14"]
[EventType "tourn"]
[EventRounds "11"]
[EventCountry "BRA"]
[EventCategory "8"]
[SourceDate "2007.12.14"]

1. e4 c5 2. Nf3 e6 3. d4 cxd4 4. Nxd4 Nf6 5. Nc3 d6 6. Be3 Be7 7. Bd3 a6 8. a4
Nc6 9. O-O O-O 10. Kh1 e5 11. Nxc6 bxc6 12. a5 d5 13. Bb6 Qd6 14. Qe2 Bb7 15.
f4 Nd7 16. fxe5 Nxe5 17. exd5 cxd5 18. Rad1 Nxd3 19. Qxd3 Rac8 20. Rf2 Qb4 21.
Nxd5 Bxd5 22. Qxd5 Qxb2 23. Bd4 Qb8 24. Bb6 Bh4 25. g3 Bf6 26. c4 Rfe8 27. c5
Re6 28. Qf3 h6 29. Re2 Rxe2 30. Qxe2 Qb7+ 31. Qg2 Qc6 32. Qxc6 Rxc6 33. Rd6 Rc8
34. c6 Be7 35. Rd7 Kf8 36. c7 Ke8 37. Rd5 1-0

[Event "Camp. Brasileiro Absoluto - Final"]
[Site "Rio de Janeiro"]
[Date "2007.12.21"]
[Round "10.1"]
[White "Yago Moura Santiago"]
[Black "GM Gilberto Milos"]
[Result "0-1"]
[WhiteElo "2179"]
[BlackElo "2592"]
[PlyCount "50"]
[EventDate "2007.12.14"]
[EventType "tourn"]
[EventRounds "11"]
[EventCountry "BRA"]
[EventCategory "8"]
[SourceDate "2007.12.14"]

1. e4 c5 2. Nf3 e6 3. d4 cxd4 4. Nxd4 Nf6 5. Nc3 d6 6. Be3 Be7 7. f3 Nc6 8. Qd2
O-O 9. g4 a6 10. O-O-O Nxd4 11. Qxd4 b5 12. g5 Nd7 13. h4 Bb7 14. Kb1 Ne5 15.
Rh3 Rc8 16. Qd2 Qd7 17. Qg2 b4 18. Ne2 Rxc2 19. f4 Qa4 20. fxe5 Rfc8 21. Rc1
dxe5 22. Bg1 b3 23. axb3 Rxc1+ 24. Nxc1 Bxe4+ 25. Rd3 Rxc1+ 0-1

[Event "Camp. Brasileiro Absoluto - Final"]
[Site "Rio de Janeiro"]
[Date "2007.12.21"]
[Round "10.2"]
[White "MI Diego di Berardino"]
[Black "MI Andre Diamant"]
[Result "0-1"]
[WhiteElo "2430"]
[BlackElo "2395"]
[PlyCount "33"]
[EventDate "2007.12.14"]
[EventType "tourn"]
[EventRounds "11"]
[EventCountry "BRA"]
[EventCategory "8"]
[SourceDate "2007.12.14"]

1. e4 c5 2. Nf3 e6 3. d4 cxd4 4. Nxd4 Nc6 5. Nc3 a6 6. Be2 Qc7 7. O-O Nf6 8.
Kh1 Nxd4 9. Qxd4 Bc5 10. Qd3 b5 11. Bg5 Bb7 12. f4 h5 13. e5 Ng4 14. Bf3 Rc8
15. Bxb7 Qxb7 16. Ne4 Ne3 17. Qxe3 0-1